00621nam a2200169Ia 4500008004100000020001800041041001200059100001400071245007600085260003800161300000800199650001200207700001400219942000700233999001700240952019400257221030s9999 xx 000 0 und d a9789350099858 aEnglish aN. Radjou 0aFrugal Innovation : How to do better with Lesscby N. Radjou, J. Prabhu bHachette Book Pub.aGurgaonc2015 a252 aGeneral aJ. Prabhu cBK c16611d16611 pBE 14653l1eGifted by JD MIETq2026-01-30r2023-04-07 00:00:00s2023-04-07w2022-10-30yBK003Print4070aMIETLIBbMIETLIBcBL-Academic Block B, FL-2, CUP-0, SH-0, R-0d2016-04-2810HBE